United Nations in international history (Record no. 138850)

MARC details
000 -LEADER
fixed length control field 00852nam a2200265Ia 4500
003 - CONTROL NUMBER IDENTIFIER
control field OSt
005 - DATE AND TIME OF LATEST TRANSACTION
control field 20220918171309.0
008 - FIXED-LENGTH DATA ELEMENTS--GENERAL INFORMATION
fixed length control field 220917b |||||||| |||| 00| 0 eng d
020 ## - INTERNATIONAL STANDARD BOOK NUMBER
International Standard Book Number 9781472510037 (pbk)
037 ## - SOURCE OF ACQUISITION
Terms of availability Textual
040 ## - CATALOGING SOURCE
Original cataloging agency ARTS
Transcribing agency ARTS
Language of cataloging eng
041 ## - LANGUAGE CODE
Source of code eng
Language code of text/sound track or separate title eng
100 ## - MAIN ENTRY--PERSONAL NAME
Personal name Sayward Amy L. Au.
9 (RLIN) 35516
245 #0 - TITLE STATEMENT
Title United Nations in international history
260 ## - PUBLICATION, DISTRIBUTION, ETC.
Place of publication, distribution, etc. London
Name of publisher, distributor, etc. Bloomsbury UK
Date of publication, distribution, etc. 2017
300 ## - PHYSICAL DESCRIPTION
Extent xviii,306p.
Dimensions cm.
490 ## - SERIES STATEMENT
Series statement New approaches to international history
650 ## - SUBJECT ADDED ENTRY--TOPICAL TERM
Topical term or geographic name entry element INTERNATIONAL ORGANIZATION
9 (RLIN) 35517
942 ## - ADDED ENTRY ELEMENTS (KOHA)
Classification part V1N4:191, Q7
Koha item type Textual
Source of classification or shelving scheme Colon Classification (CC)
Holdings
Withdrawn status Lost status Damaged status Not for loan Home library Current library Date acquired Source of acquisition Total Checkouts Full call number Barcode Date last seen Price effective from Koha item type
        Arts Library Arts Library 2022-09-18 220, 09/03/2017, Classic Book Service   V1N4:191 Q7 AL1630624 2022-09-18 2022-09-18 Textual
Copyright @ Delhi University Library System